000 00366 a2200157 4500
001 152902
040 _cEscola São Tomás de Aquino
100 _aMACHADO, Ana Maria
240 1 0 _aHistórias Africanas
_lpor
245 1 0 _aHistórias Africanas
300 _a53
362 0 _a2014
440 1 _aFTD
697 _aFolclore / Adivinhações / Lendas
942 _cBK
999 _c152902
_d152902